Shakespeare in & out of Africa

Gespeichert in:
Bibliographische Detailangaben
1. Verfasser: Plastow, Jane Banham, Martin
Format: Buch
Sprache:Englisch
Veröffentlicht: James Curry 2013
Tags: Tag hinzufügen
Keine Tags, Fügen Sie den ersten Tag hinzu!

MARC

LEADER 00000nam a22000007a 4500
008 201214b ||||| |||| 00| 0 eng d
020 |a 9781847010803 
100 |a Plastow, Jane  |a Banham, Martin 
245 |a Shakespeare in & out of Africa  |c Vol. editor, Jane Plastow ; reviews editor Martin Banham  |e [ African theatre]  |f 12  |g xiv,194p.ill. 
260 |b James Curry  |c 2013  |h Woodbridge, Suffolk, GB.  |i 694236  |i 694237  |l PR3109.A35Sh53  |m Skakespeare, William, 1564-1616 ------ Dramatic production  |m Shakespeare, William, 1564-1616 ------- Stage history ------ Africa  |m Shakespeare, William, 1564-1616 ------- Appreciation ------ Africa  |m Theatre --------- Production and direction ---------- Africa 
942 |a lcc  |c BK  |e A.R.Akinniyi  |f 14/12/2020 
952 |0 0  |1 0  |2 lcc  |4 0  |6 PR3109 A35 S H53  |7 0  |9 1380  |a HOL  |b HOL  |c LP  |d 2021-01-21  |o PR3109.A35Sh53  |p 2021-0184  |r 2021-01-21 00:00:00  |t 694231  |w 2021-01-21  |y BK 
952 |0 0  |1 0  |2 lcc  |4 0  |6 PR3109 A35 S H53  |7 0  |9 1381  |a HOL  |b ART  |c LP  |d 2021-01-21  |o PR3109.A35Sh53  |p 2021-0185  |r 2021-01-21 00:00:00  |t 694236  |w 2021-01-21  |y BK 
999 |c 241  |d 241